[Event "2007. Central Serbia champions"]
[Site "Vrnjacka Banja"]
[Date "2007.12.13"]
[Round "6.1"]
[White "Pikula, Dejan"]
[Black "Arsovic, Zoran"]
[Result "1/2-1/2"]
[WhiteElo "2494"]
[BlackElo "2459"]
[PlyCount "23"]
[EventDate "2007.12.10"]

1. e4 c5 2. Nf3 d6 3. c3 Nf6 4. h3 g6 5. Bb5+ Bd7 6. Bxd7+ Qxd7 7. d3 Nc6 8.
Bf4 Bg7 9. Nbd2 O-O 10. O-O Rac8 11. a4 b6 12. Qe2 1/2-1/2

[Event "2007. Central Serbia champions"]
[Site "Vrnjacka Banja"]
[Date "2007.12.13"]
[Round "6.2"]
[White "Savic, Miodrag R"]
[Black "Todorovic, Goran M"]
[Result "1-0"]
[WhiteElo "2539"]
[BlackElo "2470"]
[PlyCount "73"]
[EventDate "2007.12.10"]

1. e4 c5 2. c3 Nf6 3. e5 Nd5 4. Nf3 e6 5. g3 Nc6 6. Bg2 Qc7 7. O-O Be7 8. d4
cxd4 9. Nxd4 Nxe5 10. Bxd5 exd5 11. Nf5 d6 12. Nxe7 Qxe7 13. f4 Bg4 14. Qxd5
Nc6 15. Bd2 O-O 16. Na3 Qc7 17. Rf2 Ne7 18. Qc4 Qd7 19. Qb5 Nc6 20. Nc4 Rfe8
21. Ne3 Bh3 22. Qh5 g6 23. Qh4 d5 24. f5 d4 25. cxd4 Bxf5 26. Nxf5 gxf5 27.
Qg5+ Kf8 28. Qh6+ Kg8 29. Bg5 Re6 30. Bf6 Rxf6 31. Qxf6 Nxd4 32. Kg2 Qd5+ 33.
Kh3 Rd8 34. Re1 a5 35. Re5 Qd7 36. Re7 Qd5 37. Rxf7 1-0

[Event "2007. Central Serbia champions"]
[Site "Vrnjacka Banja"]
[Date "2007.12.13"]
[Round "6.3"]
[White "Tosic, Miroslav"]
[Black "Bozic, Milan"]
[Result "0-1"]
[WhiteElo "2422"]
[BlackElo "2435"]
[PlyCount "108"]
[EventDate "2007.12.10"]

1. d4 c5 2. d5 e5 3. e4 d6 4. Nf3 Bg4 5. h3 Bxf3 6. Qxf3 Be7 7. Qb3 b6 8. Bb5+
Kf8 9. O-O Bg5 10. f4 Bxf4 11. Bxf4 exf4 12. Rxf4 Ne7 13. Qf3 f6 14. Rxf6+ gxf6
15. Qxf6+ Kg8 16. Nc3 Qf8 17. Qxd6 Ng6 18. Qc7 Qf7 19. d6 Kg7 20. Nd5 Qxc7 21.
dxc7 a6 22. cxb8=Q Rhxb8 23. Be2 b5 24. Nc7 Ra7 25. Ne6+ Kf6 26. Nxc5 Nf4 27.
Bg4 Ke7 28. Rf1 Rf8 29. Kh2 a5 30. Nb3 Ne6 31. Rd1 Rd8 32. Rd5 Rxd5 33. exd5
Nc7 34. Nd4 Kd6 35. Bf3 b4 36. c4 bxc3 37. bxc3 a4 38. Kg3 Ra5 39. c4 Kc5 40.
Nc6 Ra8 41. Kf4 Re8 42. Be4 Kxc4 43. d6 Nd5+ 44. Kf5 Nb6 45. Ne7 Kc5 46. Ke6
Rd8 47. Nf5 Nc8 48. Bc2 Kb4 49. g4 Nb6 50. Ne7 Ka3 51. Bxh7 Kxa2 52. Nd5 Nxd5
53. Kxd5 Kb3 54. Bd3 Kb4 0-1

Kb3 54. Bd3 Kb4 {...} 0-1

[Event "2007. Central Serbia champions"]
[Site "Vrnjacka Banja"]
[Date "2007.12.13"]
[Round "6.5"]
[White "Nikolic, Stanimir"]
[Black "Cabrilo, Goran"]
[Result "1/2-1/2"]
[WhiteElo "2297"]
[BlackElo "2497"]
[PlyCount "67"]
[EventDate "2007.12.10"]

1. d4 Nf6 2. Nf3 g6 3. c4 Bg7 4. Nc3 O-O 5. Bg5 c5 6. d5 d6 7. Qd2 a6 8. e4 Qa5
9. Bd3 b5 10. O-O bxc4 11. Bxc4 Nbd7 12. h3 Re8 13. Rfe1 Rb8 14. Rab1 Nb6 15.
Bf1 Nfd7 16. Qc2 c4 17. Be3 Ne5 18. Nd4 Bd7 19. f4 Nd3 20. Bxd3 cxd3 21. Qxd3
Na4 22. Nxa4 Qxa4 23. b3 Qa5 24. a4 Rec8 25. Rec1 Bxd4 26. Bxd4 f6 27. Kf2 Qb4
28. Rc3 Rxc3 29. Bxc3 Qc5+ 30. Qd4 Rc8 31. Qxc5 Rxc5 32. Rc1 Rc8 33. Bd2 Rxc1
34. Bxc1 1/2-1/2

[Event "2007. Central Serbia champions"]
[Site "Vrnjacka Banja"]
[Date "2007.12.13"]
[Round "6.6"]
[White "Zivkovic, Ivan B"]
[Black "Drazic, Sinisa"]
[Result "0-1"]
[WhiteElo "2222"]
[BlackElo "2493"]
[PlyCount "110"]
[EventDate "2007.12.10"]

1. e4 Nf6 2. e5 Nd5 3. d4 d6 4. Nf3 Bg4 5. Be2 c6 6. O-O Bxf3 7. Bxf3 dxe5 8.
dxe5 e6 9. Qe2 Nd7 10. b3 Qc7 11. Bb2 a5 12. a3 Nf4 13. Qe4 g5 14. Nd2 Bg7 15.
Nc4 O-O 16. h4 Ng6 17. hxg5 Ndxe5 18. Bxe5 Bxe5 19. Rae1 Bh2+ 20. Kh1 Bf4 21.
g3 Bxg5 22. Qg4 Qe7 23. Kg2 f5 24. Qh3 Rf7 25. Bh5 Rg7 26. Kh2 Nf8 27. Re2 Bf6
28. a4 b5 29. Ne3 Qc7 30. Bf3 Rd8 31. Ng2 Bg5 32. Ne1 bxa4 33. bxa4 Rd4 34. Qg2
c5 35. Bc6 Rd6 36. Bb5 h5 37. f4 Bf6 38. Qf3 c4 39. Ng2 Rd4 40. Qa8 h4 41. gxh4
Bxh4 42. Rf3 Bg5 43. Qc6 Bd8 44. Qxc7 Bxc7 45. c3 Rh7+ 46. Kg3 Rg7+ 47. Kh2 Rd3
48. Rxd3 cxd3 49. Bxd3 Rg4 50. Rf2 Ng6 51. Bc4 Kf7 52. Kh3 Bxf4 53. Nxf4 Nxf4+
54. Kh2 Kf6 55. Bb3 Rh4+ 0-1

[Event "2007. Central Serbia champions"]
[Site "Vrnjacka Banja"]
[Date "2007.12.13"]
[Round "6.7"]
[White "Radovanovic, Slavko"]
[Black "Vratonjic, Slobo"]
[Result "0-1"]
[WhiteElo "2200"]
[BlackElo "2453"]
[PlyCount "68"]
[EventDate "2007.12.10"]

1. e4 c5 2. Nf3 e6 3. c3 Nf6 4. d3 Nc6 5. Be2 Be7 6. O-O O-O 7. Re1 d6 8. Nbd2
Bd7 9. Nf1 Qc7 10. Qc2 h6 11. Ng3 d5 12. Bf1 e5 13. h3 Rfe8 14. Bd2 Rac8 15.
Nh4 Bf8 16. Nhf5 Nd8 17. Qd1 Kh7 18. Qf3 Qc6 19. Ne3 d4 20. Nd5 Nxd5 21. exd5
Qg6 22. c4 f5 23. Be2 Nf7 24. Qh5 Qf6 25. f4 g6 26. Qf3 Bd6 27. Rf1 Re7 28.
Rae1 Rce8 29. Bd1 exf4 30. Rxe7 Rxe7 31. Bxf4 Ne5 32. Bxe5 Qxe5 33. Kh2 h5 34.
h4 Qf6 0-1

[Event "2007. Central Serbia champions"]
[Site "Vrnjacka Banja"]
[Date "2007.12.13"]
[Round "6.8"]
[White "Abramovic, Bosko"]
[Black "Biljanic, Ljubomir"]
[Result "1-0"]
[WhiteElo "2508"]
[BlackElo "2291"]
[PlyCount "69"]
[EventDate "2007.12.10"]

1. d4 Nf6 2. c4 e6 3. Nf3 Bb4+ 4. Bd2 Be7 5. Nc3 b6 6. e4 d6 7. Bd3 Nbd7 8. h3
c6 9. O-O c5 10. d5 e5 11. Ne2 Nf8 12. Kh2 Ng6 13. g3 Nd7 14. a3 a5 15. Nfg1 h5
16. Bc3 h4 17. g4 Nf6 18. Qd2 Nh7 19. Nf3 f6 20. b4 Ng5 21. Neg1 Rh7 22. Rfb1
Nh8 23. Bc2 Nxf3+ 24. Nxf3 g6 25. bxc5 bxc5 26. Ba4+ Kf8 27. Bc6 Ra7 28. Rb8
Kg7 29. Ne1 Nf7 30. Rab1 Qc7 31. Qd3 Nd8 32. R8b6 Rh8 33. Ng2 Ra6 34. Rxa6 Bxa6
35. Bd2 1-0

6 Bxa6
35. Bd2 {...} 1-0

[Event "2007. Central Serbia champions"]
[Site "Vrnjacka Banja"]
[Date "2007.12.13"]
[Round "6.9"]
[White "Arsovic, Goran"]
[Black "Pantelic, Sasa"]
[Result "1/2-1/2"]
[WhiteElo "2478"]
[BlackElo "2237"]
[PlyCount "72"]
[EventDate "2007.12.10"]

1. d4 Nf6 2. Nf3 g6 3. c4 Bg7 4. g3 O-O 5. Bg2 d6 6. O-O Nc6 7. Nc3 a6 8. Qd3
Bf5 9. e4 Bg4 10. d5 Bxf3 11. Qxf3 Nd4 12. Qd1 Nd7 13. Be3 c5 14. dxc6 Nxc6 15.
Rc1 Rc8 16. b3 Qa5 17. Qd2 Rfe8 18. f4 Nf6 19. h3 b5 20. cxb5 axb5 21. Rfd1 b4
22. Na4 Nb8 23. Rxc8 Rxc8 24. Rc1 Rxc1+ 25. Qxc1 Nbd7 26. Qc6 h5 27. Kh2 Bf8
28. Bf1 e5 29. Bg2 h4 30. gxh4 Qd8 31. f5 Nh5 32. Bg5 Be7 33. fxg6 Bxg5 34.
gxf7+ Kg7 35. hxg5 Qxg5 36. Qxd7 Qf4+ 1/2-1/2

[Event "2007. Central Serbia champions"]
[Site "Vrnjacka Banja"]
[Date "2007.12.13"]
[Round "6.10"]
[White "Radosavljevic, Slobodan D"]
[Black "Maksimovic, Branimir"]
[Result "0-1"]
[WhiteElo "2256"]
[BlackElo "2367"]
[PlyCount "66"]
[EventDate "2007.12.10"]

1. g3 d5 2. Bg2 Nf6 3. Nf3 e6 4. O-O Be7 5. c4 O-O 6. d3 c5 7. Nc3 Nc6 8. Bf4
b6 9. e4 d4 10. Ne2 Nd7 11. a3 e5 12. Bd2 Qc7 13. Ne1 Bb7 14. f4 f5 15. exf5
Rxf5 16. g4 Rff8 17. f5 Nd8 18. Ng3 Nf7 19. Qe2 Rab8 20. a4 Rbe8 21. Ne4 Nf6
22. Ra3 h6 23. h3 Nd6 24. Nc2 a5 25. Ra2 Bc6 26. b3 Qb7 27. Re1 Rd8 28. Na3
Nfxe4 29. dxe4 Bh4 30. Rea1 d3 31. Qf3 Be1 32. Rxe1 Nxe4 33. Nb5 Nxd2 0-1

e4 33. Nb5 Nxd2 {...} 0-1

[Event "2007. Central Serbia champions"]
[Site "Vrnjacka Banja"]
[Date "2007.12.13"]
[Round "6.11"]
[White "Colovic, Zoran"]
[Black "Chelushkina, Irina"]
[Result "0-1"]
[WhiteElo "2234"]
[BlackElo "2351"]
[PlyCount "35"]
[EventDate "2007.12.10"]

1. e4 c5 2. c3 e6 3. d4 d5 4. e5 Nc6 5. Nf3 Qb6 6. Be2 Nh6 7. b3 cxd4 8. cxd4
Nf5 9. Bb2 Bb4+ 10. Kf1 Bd7 11. g4 Nh6 12. h3 f6 13. Nc3 Nf7 14. Na4 Qd8 15. a3
Be7 16. b4 fxe5 17. dxe5 Qb8 18. Rc1 0-1

xe5 Qb8 18. Rc1 {...} 0-1

[Event "2007. Central Serbia champions"]
[Site "Vrnjacka Banja"]
[Date "2007.12.13"]
[Round "6.12"]
[White "Benderac, Ana"]
[Black "Antic, Dragan"]
[Result "1-0"]
[WhiteElo "2328"]
[BlackElo "2158"]
[PlyCount "97"]
[EventDate "2007.12.10"]

1. d4 Nf6 2. Nf3 d5 3. c3 Nbd7 4. e3 g6 5. Nbd2 Bg7 6. Bd3 O-O 7. O-O Re8 8. h3
e5 9. dxe5 Nxe5 10. Nxe5 Rxe5 11. Nf3 Re8 12. Qc2 c6 13. b3 Nd7 14. Ba3 Qa5 15.
Bb2 Ne5 16. Nxe5 Bxe5 17. b4 Qc7 18. c4 Bxb2 19. Qxb2 Be6 20. c5 Bd7 21. Qd4
Qe5 22. a4 Bf5 23. Qxe5 Rxe5 24. Bxf5 Rxf5 25. f3 Re5 26. Kf2 Rae8 27. Ra3 f5
28. Rd1 Rc8 29. Rc3 a6 30. Rb1 Re7 31. b5 axb5 32. axb5 cxb5 33. Rxb5 Rec7 34.
g4 fxg4 35. hxg4 b6 36. Rxb6 Rxc5 37. Rxc5 Rxc5 38. Rd6 Rc2+ 39. Kg3 Re2 40.
Kf4 g5+ 41. Kxg5 Rxe3 42. f4 Re7 43. Rxd5 Kg7 44. Rd6 Ra7 45. Re6 Ra4 46. Re7+
Kg8 47. f5 h6+ 48. Kh5 Rf4 49. Re6 1-0

[Event "2007. Central Serbia champions"]
[Site "Vrnjacka Banja"]
[Date "2007.12.13"]
[Round "6.13"]
[White "Djosic, Slavoljub"]
[Black "Savic, Dragan"]
[Result "1-0"]
[WhiteElo "2280"]
[BlackElo "2229"]
[PlyCount "142"]
[EventDate "2007.12.10"]

1. b3 e6 2. Bb2 d5 3. g3 c5 4. Bg2 Nc6 5. Nf3 Nf6 6. O-O Be7 7. d3 Qc7 8. e3 e5
9. Nc3 h6 10. e4 Be6 11. exd5 Nxd5 12. Nb5 Qb8 13. c4 Nb6 14. Re1 Nd7 15. Nc3
O-O 16. Nd5 Re8 17. Nd2 Bf8 18. Qh5 Qd8 19. Nb1 g6 20. Qd1 Bg7 21. Nbc3 Rc8 22.
a3 Nd4 23. b4 Nf6 24. bxc5 Rxc5 25. Nxf6+ Bxf6 26. Ne4 Rc7 27. Bxd4 exd4 28.
Nxf6+ Qxf6 29. Qa4 Rce7 30. Bxb7 Rb8 31. Bg2 Rb2 32. f4 Bf5 33. Be4 Bxe4 34.
Rxe4 Rxe4 35. dxe4 d3 36. Qe8+ Kh7 37. Qe5 Qb6+ 38. c5 Rb1+ 39. Kg2 Rb2+ 40.
Kh3 Qb7 41. Qd5 Qc8+ 42. f5 Kg8 43. Rd1 gxf5 44. Qxf5 Qxf5+ 45. exf5 d2 46. Kh4
Kg7 47. c6 Rc2 48. g4 Kf6 49. c7 Rxc7 50. Rxd2 Rc6 51. Kh5 Kg7 52. h4 Ra6 53.
Rd3 Ra5 54. Rf3 Ra4 55. Rc3 Ra5 56. Rc6 Rxa3 57. Rxh6 Rc3 58. Ra6 Rc7 59. Kg5
Rd7 60. h5 Rb7 61. h6+ Kh7 62. Kh5 Kg8 63. g5 Rb5 64. Rf6 a5 65. h7+ Kxh7 66.
Rxf7+ Kg8 67. Kg6 Rb6+ 68. f6 Ra6 69. Rb7 Ra8 70. Rg7+ Kh8 71. Rh7+ Kg8 1-0

7+ Kh8 71. Rh7+ Kg8 1-0

[Event "2007. Central Serbia champions"]
[Site "Vrnjacka Banja"]
[Date "2007.12.13"]
[Round "6.14"]
[White "Sredojevic, Ivan"]
[Black "Vasic, Vladimir"]
[Result "1-0"]
[WhiteElo "2357"]
[BlackElo "2185"]
[PlyCount "151"]
[EventDate "2007.12.10"]

1. c4 c5 2. Nf3 Nf6 3. d4 cxd4 4. Nxd4 e5 5. Nb5 d5 6. cxd5 Bc5 7. N5c3 O-O 8.
e3 Bf5 9. Bd3 e4 10. Be2 Nbd7 11. g4 Bg6 12. h4 h6 13. a3 Nb6 14. g5 hxg5 15.
hxg5 Nh7 16. b4 Be7 17. Ra2 Nxg5 18. f4 exf3 19. Bxf3 Nxf3+ 20. Qxf3 Bh4+ 21.
Kf1 Bd3+ 22. Kg1 Rc8 23. Rah2 Qg5+ 24. Rg2 Qf6 25. Qh5 Bg6 26. Qxh4 Qxh4 27.
Rxh4 Bxb1 28. Bb2 Bg6 29. Ne4 Rc4 30. Rgh2 f6 31. Rh8+ Kf7 32. Nd6+ Ke7 33.
Nxc4 Nxc4 34. Rxf8 Kxf8 35. Bd4 Be4 36. d6 Ke8 37. Rh4 Nxd6 38. Bc5 g5 39. Rh6
Nc4 40. Rxf6 Kd7 41. Bxa7 Nxa3 42. Rf7+ Ke6 43. Rg7 Kf5 44. Kf2 Nc4 45. Bd4 Bc6
46. Rf7+ Kg4 47. Ke2 Nd6 48. Rg7 Kf5 49. Bb6 Ne4 50. Kd3 g4 51. Bc7 Kf6 52. Rg8
Kf7 53. Rh8 g3 54. b5 g2 55. Bh2 Nf2+ 56. Ke2 Ng4 57. bxc6 Nxh2 58. Kf2 Ng4+
59. Kxg2 bxc6 60. Kf3 Ne5+ 61. Ke4 Ng6 62. Rh7+ Kf6 63. Kd4 Ne7 64. e4 Ke6 65.
Rh6+ Kd7 66. Kc5 Kc7 67. Re6 Kc8 68. Rxc6+ Kd7 69. Rh6 Ng8 70. Ra6 Ke7 71. Kd5
Kf7 72. e5 Ne7+ 73. Kd6 Nf5+ 74. Kd7 Ng7 75. Rf6+ Kg8 76. Rg6 1-0

[Event "2007. Central Serbia champions"]
[Site "Vrnjacka Banja"]
[Date "2007.12.13"]
[Round "6.15"]
[White "Ilic, Slobodan S"]
[Black "Misailovic, Nebojsa"]
[Result "1-0"]
[WhiteElo "2166"]
[BlackElo "2318"]
[PlyCount "79"]
[EventDate "2007.12.10"]

1. Nf3 Nf6 2. c4 g6 3. Nc3 d5 4. cxd5 Nxd5 5. g3 Bg7 6. Bg2 O-O 7. O-O Nc6 8.
h3 Nb6 9. d3 e5 10. Bg5 f6 11. Be3 Be6 12. Ne4 Nd5 13. Bd2 b6 14. Qa4 Nce7 15.
Rac1 c6 16. Rfd1 h6 17. Nc3 c5 18. Nxd5 Nxd5 19. a3 a6 20. Qc2 g5 21. b4 cxb4
22. Bxb4 Nxb4 23. axb4 Qe7 24. Qb1 a5 25. b5 Bf7 26. Nd2 Ra7 27. Rc6 a4 28. Nc4
a3 29. Rxb6 a2 30. Qa1 e4 31. Ra6 Bxc4 32. dxc4 Rxa6 33. bxa6 Qa3 34. Rd2 f5
35. Qxa2 Qc1+ 36. Kh2 Kh7 37. a7 Ra8 38. Rd7 h5 39. Qa5 Kg6 40. Qd5 1-0

[Event "2007. Central Serbia champions"]
[Site "Vrnjacka Banja"]
[Date "2007.12.13"]
[Round "6.16"]
[White "Karaklajic, Milutin"]
[Black "Mrsevic, Miroslav"]
[Result "1-0"]
[WhiteElo "2099"]
[BlackElo "2313"]
[PlyCount "121"]
[EventDate "2007.12.10"]

1. e4 e5 2. Nf3 d6 3. d4 exd4 4. Qxd4 Nf6 5. e5 dxe5 6. Qxd8+ Kxd8 7. Nxe5 Bb4+
8. Bd2 Re8 9. Bxb4 Rxe5+ 10. Be2 Bf5 11. Na3 Nbd7 12. Bc3 Re6 13. Rd1 c6 14.
Bxf6+ gxf6 15. Rd2 Kc7 16. f3 b5 17. Kf2 Re7 18. Rhd1 Nb6 19. b3 Be6 20. Bd3 h5
21. g3 a5 22. Be4 a4 23. Rd6 Bd7 24. Nxb5+ cxb5 25. Rxb6 Kxb6 26. Bxa8 Bf5 27.
Rd2 a3 28. Bd5 Kc5 29. c3 b4 30. c4 Bb1 31. f4 Bxa2 32. Rxa2 Kd4 33. Bf3 Re3
34. Bd1 Rd3 35. Ke1 Ke3 36. c5 Kd4 37. c6 Rc3 38. Bxh5 Rxb3 39. Bxf7 Rc3 40.
Rd2+ Ke3 41. Bd5 b3 42. Re2+ Kd4 43. Bxb3 Rxb3 44. Rc2 Rb2 45. Rc1 a2 46. c7
Rc2 47. Rxc2 a1=Q+ 48. Kf2 Qa3 49. c8=Q Qe3+ 50. Kf1 Qf3+ 51. Ke1 Qh1+ 52. Kd2
Qg2+ 53. Kc1 Qf1+ 54. Kb2 Qb5+ 55. Ka1 Qa5+ 56. Ra2 Qe1+ 57. Kb2 Qe2+ 58. Qc2
Qb5+ 59. Ka1 Qf1+ 60. Qb1 Qf3 61. Qb4+ 1-0

[Event "2007. Central Serbia champions"]
[Site "Vrnjacka Banja"]
[Date "2007.12.13"]
[Round "6.17"]
[White "Spiric, Igor"]
[Black "Manojlovic, Selimir"]
[Result "1-0"]
[WhiteElo "2278"]
[BlackElo "2110"]
[PlyCount "63"]
[EventDate "2007.12.10"]

1. d4 Nf6 2. c4 e6 3. g3 d5 4. Nf3 Nbd7 5. Nc3 Bb4 6. Qb3 Qe7 7. a3 Ba5 8. Bg5
O-O 9. c5 h6 10. Bxf6 Qxf6 11. Qb5 Bxc3+ 12. bxc3 c6 13. Qb4 e5 14. Bg2 e4 15.
Nd2 b6 16. cxb6 axb6 17. O-O Ba6 18. Rfe1 e3 19. fxe3 Qg5 20. Nf1 c5 21. Qb2
Rfe8 22. Bh3 f5 23. Qb1 g6 24. Bg2 Bc4 25. dxc5 bxc5 26. Qb2 Nf6 27. h4 Qg4 28.
Qb6 Ra6 29. Qxc5 Ne4 30. Qc7 Bxe2 31. Rab1 Bxf1 32. Rb7 1-0

[Event "2007. Central Serbia champions"]
[Site "Vrnjacka Banja"]
[Date "2007.12.13"]
[Round "6.18"]
[White "Tasic, Zoran"]
[Black "Boskovic, Zlatomir"]
[Result "0-1"]
[WhiteElo "2178"]
[BlackElo "2207"]
[PlyCount "74"]
[EventDate "2007.12.10"]

1. d3 d5 2. Nf3 c5 3. g3 Nc6 4. Bg2 e5 5. Nc3 d4 6. Nb1 f5 7. O-O Nf6 8. Nfd2
Qc7 9. Nc4 Be6 10. e3 Bxc4 11. dxc4 e4 12. f3 O-O-O 13. exd4 cxd4 14. fxe4 fxe4
15. Rxf6 gxf6 16. Bxe4 Ne5 17. b3 d3 18. Bf5+ Kb8 19. Bf4 Ka8 20. Be4 h5 21.
Kg2 Qc5 22. c3 Ng4 23. Qf3 Rd7 24. Nd2 Bd6 25. b4 Qc7 26. Bxd6 Rxd6 27. c5 Re6
28. Nc4 f5 29. Bxd3 Rhe8 30. Rf1 h4 31. Qxf5 Nxh2 32. Nd6 Nxf1 33. Qxf1 Rg8 34.
Qf4 Rxg3+ 35. Kf2 Rxd3 36. Qf8+ Qb8 37. Qf4 Rexd6 0-1

[Event "2007. Central Serbia champions"]
[Site "Vrnjacka Banja"]
[Date "2007.12.13"]
[Round "6.19"]
[White "Simic, Milan"]
[Black "Kojovic, Dragan"]
[Result "0-1"]
[WhiteElo "2140"]
[BlackElo "2413"]
[PlyCount "120"]
[EventDate "2007.12.10"]

1. d4 Nf6 2. c4 c5 3. d5 b5 4. cxb5 a6 5. b6 e6 6. Nc3 Nxd5 7. Nxd5 exd5 8.
Qxd5 Nc6 9. e4 Be7 10. Bc4 O-O 11. Nf3 Rb8 12. O-O Rxb6 13. Ng5 Qe8 14. Be3 d6
15. b3 Ne5 16. Be2 Bb7 17. Qd2 h6 18. Nf3 Bf6 19. Nxe5 Bxe5 20. Qa5 Rb4 21. Bd2
Rxe4 22. Rae1 Rxe2 23. Rxe2 Bxh2+ 24. Kxh2 Qxe2 25. Kg1 Qg4 26. f3 Qd4+ 27. Kh2
Qe5+ 28. Kg1 Re8 29. Re1 Qd4+ 30. Kh2 Re5 31. Rxe5 Qxe5+ 32. Kg1 Kh7 33. Kf2 h5
34. Bc3 Qf5 35. Bd2 Qf6 36. Qc7 Bd5 37. Qa5 Qh4+ 38. Kg1 Qd4+ 39. Kh1 Qd3 40.
Qc3 Qb1+ 41. Kh2 Qf5 42. Qe3 Be6 43. Kg3 f6 44. Qe4 Qxe4 45. fxe4 g5 46. Ba5
Kg6 47. Bc7 d5 48. exd5 Bxd5 49. Bd6 c4 50. bxc4 Bxc4 51. a3 h4+ 52. Kf2 Kh5
53. Be7 f5 54. a4 Bd5 55. a5 g4 56. Bd8 g3+ 57. Kf1 f4 58. Bc7 Kg4 59. Kg1 f3
60. gxf3+ Kxf3 0-1

[Event "2007. Central Serbia champions"]
[Site "Vrnjacka Banja"]
[Date "2007.12.13"]
[Round "6.20"]
[White "Simic, Vladica"]
[Black "Stojanovic, Zlatko"]
[Result "0-1"]
[WhiteElo "2082"]
[BlackElo "2245"]
[PlyCount "110"]
[EventDate "2007.12.10"]

1. e4 e6 2. d4 d5 3. Nc3 Nf6 4. e5 Nfd7 5. f4 c5 6. Nf3 Nc6 7. Be3 Qb6 8. Na4
Qa5+ 9. c3 cxd4 10. b4 Nxb4 11. cxb4 Bxb4+ 12. Bd2 Bxd2+ 13. Nxd2 g5 14. Kf2 d3
15. Bxd3 Qb4 16. Nf3 g4 17. g3 gxf3 18. Rb1 Qa3 19. Qb3 Qxb3 20. Rxb3 O-O 21.
Rc1 f6 22. exf6 Nxf6 23. h3 h5 24. Rc7 Rf7 25. Rbc3 Rxc7 26. Rxc7 Ne8 27. Rc1
Bd7 28. Nc5 Rc8 29. Rc2 Rc7 30. Kxf3 b6 31. Nxd7 Rxd7 32. Bb5 Rc7 33. Re2 Nd6
34. Ba6 Kf7 35. g4 b5 36. Rb2 Rc3+ 37. Kg2 hxg4 38. hxg4 Rc5 39. Kh3 Kf6 40.
Kh4 Rc7 41. Rb3 Ne4 42. Kh3 Rh7+ 43. Kg2 Rh4 44. g5+ Kf5 45. Rf3 Nd6 46. Rg3
Kxf4 47. g6 Rh8 48. g7 Rg8 49. a4 bxa4 50. Be2 Nf5 51. Rf3+ Ke5 52. Ra3 Rxg7+
53. Kf2 Nd4 54. Ba6 Rf7+ 55. Kg2 Nb3 0-1

[Event "2007. Central Serbia champions"]
[Site "Vrnjacka Banja"]
[Date "2007.12.13"]
[Round "6.21"]
[White "Pantovic, Dragan M"]
[Black "Milicevic, Miodrag"]
[Result "1-0"]
[WhiteElo "2137"]
[BlackElo "2243"]
[PlyCount "87"]
[EventDate "2007.12.10"]

1. d4 Nf6 2. Nf3 g6 3. c4 Bg7 4. Nc3 O-O 5. e4 d6 6. Be2 e5 7. O-O exd4 8. Nxd4
Re8 9. f3 a5 10. Bg5 c6 11. Kh1 Na6 12. Qd2 Nc5 13. Rfd1 Qb6 14. Rab1 Nfd7 15.
Nc2 Bf8 16. b3 Ne5 17. Nd4 Ne6 18. Be3 Qc7 19. f4 Nxd4 20. Bxd4 Nd7 21. Bf3 Nc5
22. Re1 Bd7 23. Re2 Rad8 24. Rbe1 Bc8 25. Nd1 b6 26. Bf6 Be7 27. Ba1 Nd7 28.
Bg4 Bf8 29. Qc3 f6 30. Nf2 Bg7 31. Qc2 Ba6 32. Nd3 b5 33. Bxd7 Rxd7 34. e5 dxe5
35. Nc5 Bc8 36. Nxd7 Qxd7 37. fxe5 fxe5 38. Bxe5 Bxe5 39. Rxe5 Rxe5 40. Rxe5
Qd4 41. Re1 Bf5 42. Qe2 b4 43. Qe8+ Kg7 44. Qe5+ 1-0

[Event "2007. Central Serbia champions"]
[Site "Vrnjacka Banja"]
[Date "2007.12.13"]
[Round "6.23"]
[White "Radenkovic, Dragan"]
[Black "Jovanovic, Miroslav V"]
[Result "1-0"]
[WhiteElo "2188"]
[BlackElo "2052"]
[PlyCount "136"]
[EventDate "2007.12.10"]

1. e4 Nc6 2. Nf3 d6 3. d4 Bg4 4. d5 Nb8 5. h3 Bh5 6. Qd4 Bxf3 7. gxf3 Nf6 8.
Qb4 Qc8 9. Be3 c5 10. Qa4+ Nfd7 11. Nd2 g6 12. f4 Bg7 13. c3 O-O 14. Be2 a6 15.
h4 h5 16. Rg1 Re8 17. f5 Nf8 18. O-O-O Kh7 19. Nf3 Nbd7 20. Rg3 Ne5 21. Ng5+
Kg8 22. Rdg1 c4 23. Qd1 b5 24. f4 Nd3+ 25. Bxd3 cxd3 26. Qxd3 Qc4 27. Qxc4 bxc4
28. fxg6 f6 29. Nf7 Nd7 30. Bd4 a5 31. R1g2 Ra6 32. Re2 Nf8 33. e5 dxe5 34.
fxe5 fxe5 35. Nxe5 Bxe5 36. Rxe5 Rxg6 37. Rxg6+ Nxg6 38. Rxh5 e5 39. dxe6 Rxe6
40. Rg5 Kh7 41. Rg4 Re2 42. h5 Nf8 43. Bc5 Ne6 44. Rxc4 Kh6 45. Bb6 Re5 46. Ra4
Rxh5 47. Rxa5 Rh2 48. Be3+ Kg6 49. a4 Re2 50. Bd2 Kf7 51. Rh5 Ke7 52. Rd5 Nc7
53. Rd3 Rg2 54. b4 Ke6 55. c4 Rg4 56. Rc3 Kd6 57. Kb2 Ne6 58. Be3 Ng7 59. a5
Kc6 60. Kb3 Re4 61. Bb6 Ne6 62. b5+ Kd7 63. Kb4 Re1 64. c5 Rb1+ 65. Rb3 Ra1 66.
c6+ Kd6 67. Rd3+ Ke7 68. a6 Nf4 1-0

[Event "2007. Central Serbia champions"]
[Site "Vrnjacka Banja"]
[Date "2007.12.13"]
[Round "6.24"]
[White "Dorontic, Zoran"]
[Black "Draskovic, Dragan"]
[Result "1/2-1/2"]
[WhiteElo "2167"]
[BlackElo "2154"]
[PlyCount "102"]
[EventDate "2007.12.10"]

1. e4 e6 2. d4 d5 3. e5 c5 4. c3 cxd4 5. cxd4 Qb6 6. Nf3 Nc6 7. Be2 Nh6 8. Nc3
Nf5 9. Bb5 Bd7 10. Bxc6 Bxc6 11. O-O Be7 12. b3 h5 13. h3 Rc8 14. Bb2 g5 15.
Ne2 Bb5 16. Kh1 g4 17. Nfg1 Qa6 18. a4 Bd3 19. Ba3 Bxa3 20. Rxa3 gxh3 21. gxh3
Nxd4 22. Re1 Nxe2 23. Nxe2 Be4+ 24. Kh2 h4 25. Ra2 Bf3 26. Rc2 Kd7 27. Rxc8
Rxc8 28. Qd2 Rg8 29. Rg1 Rxg1 30. Nxg1 Be4 31. Qf4 Bf5 32. Qxh4 Qd3 33. Qb4 Qa6
34. Qf8 Bg6 35. Nf3 Qb6 36. Kg3 d4 37. a5 Qc7 38. Kf4 d3 39. Nd2 Qc6 40. h4 Qd5
41. Qb8 a6 42. Kg3 Ke7 43. Kf4 Qxa5 44. Qd6+ Ke8 45. Ke3 b5 46. f4 Qa1 47. Qb8+
Kd7 48. Qd6+ Kc8 49. Qc6+ Kb8 50. Qb6+ Ka8 51. Qc6+ Ka7 1/2-1/2

[Event "2007. Central Serbia champions"]
[Site "Vrnjacka Banja"]
[Date "2007.12.13"]
[Round "6.25"]
[White "Dodic, Dragan"]
[Black "Filipovic, Tomislav"]
[Result "1-0"]
[WhiteElo "2162"]
[BlackElo "2010"]
[PlyCount "57"]
[EventDate "2007.12.10"]

1. d4 Nf6 2. c4 g6 3. Nc3 Bg7 4. e4 d6 5. Bd3 O-O 6. Nge2 c5 7. d5 Nbd7 8. f4
Re8 9. O-O a6 10. a4 b6 11. h3 Qc7 12. g4 Nf8 13. Ng3 N6d7 14. Bd2 Bb7 15. h4
e6 16. Qf3 Rad8 17. g5 Nb8 18. Rae1 Qd7 19. h5 Bd4+ 20. Kg2 Bc8 21. Rh1 a5 22.
b3 Na6 23. Nb5 Bg7 24. Bc3 e5 25. f5 f6 26. fxg6 fxg5 27. gxh7+ Kh8 28. Ref1
Qf7 29. Be2 1-0

[Event "2007. Central Serbia champions"]
[Site "Vrnjacka Banja"]
[Date "2007.12.13"]
[Round "6.26"]
[White "Gagic, Miroljub"]
[Black "Jokic, Miodrag"]
[Result "1/2-1/2"]
[WhiteElo "1930"]
[BlackElo "2174"]
[PlyCount "97"]
[EventDate "2007.12.10"]

1. e4 d6 2. d4 Nf6 3. Bd3 g6 4. Ne2 Bg7 5. c4 O-O 6. Nbc3 c5 7. d5 e5 8. Bg5 h6
9. Bh4 g5 10. Bg3 Nh5 11. Qd2 Nf4 12. Rg1 Nxd3+ 13. Qxd3 f5 14. f3 f4 15. Bf2
a6 16. a4 Nd7 17. Nb1 Nf6 18. Nd2 Bd7 19. Nc3 Rb8 20. Ke2 Qe8 21. Rab1 a5 22.
Nb5 Qe7 23. Rh1 Bc8 24. Rbg1 Nh5 25. Kd1 b6 26. Kc1 Rb7 27. Nc3 Bd7 28. b3 Kf7
29. Nb5 Ke8 30. Qe2 Nf6 31. Be1 Kd8 32. h3 Rg8 33. g3 fxg3 34. Bxg3 Nh5 35. Bf2
Nf4 36. Qf1 h5 37. Kc2 Bf6 38. Nc3 Kc7 39. Ne2 h4 40. Be1 Qd8 41. Nb1 Ng6 42.
Nbc3 Kb8 43. Nb5 Bxb5 44. axb5 Kc7 45. Bd2 Qe7 46. Bc3 Ra7 47. Qc1 Rga8 48. Qd2
Nh8 49. Ra1 1/2-1/2